| 000 | 00727cab a22002055a 4500 | ||
|---|---|---|---|
| 001 | L153240 | ||
| 008 | 110629e20110623xxko f 000 0 eng d | ||
| 035 | _a(Sirsi) u153240 | ||
| 041 | 0 | _aeng | |
| 100 | 1 | _aCross, Luke | |
| 245 | 0 | 0 |
_aONS defends accuracy of its figures _brow over methodology continues as economists remain unconvinced by ONS's 'myth busting' |
| 260 | _c2011 | ||
| 490 | 0 |
_aConstruction News _v(7222) 23 June 2011, 10(1) |
|
| 520 | _aConstruction economists, including RICS chief economist, discuss the controversy surrounding the ONS construction figures. | ||
| 590 | _aKA | ||
| 651 | 4 |
_aUnited Kingdom _y |
|
| 690 | _aBUILT ENVIRONMENT-CONSTRUCTION MARKET | ||
| 700 | 1 | _aFrancis, Noble | |
| 942 | _n0 | ||
| 999 |
_c83235 _d83235 |
||